| 000 | 00502nam a22001817a 4500 | ||
|---|---|---|---|
| 003 | OSt | ||
| 005 | 20251120170654.0 | ||
| 008 | 251120b |||||||| |||| 00| 0 eng d | ||
| 020 | _a0-451-17227-2. | ||
| 040 |
_aDWCL-Main lib _cOC |
||
| 082 | _aFic. S851p 1991 | ||
| 100 | _aStewart, Fred Mustard | ||
| 245 |
_aPomp and Circumstances _cStewart, Fred Mustard |
||
| 260 |
_aN. Y. : _bPenguin Group, _cc1991. |
||
| 300 |
_aviii, 493 pages ; _c17 cm. |
||
| 650 | _21. Fiction. | ||
| 942 |
_2ddc _cFIC. _kFic. _n0 |
||
| 999 |
_c5929 _d5929 |
||